Проектирование Интернет-приложений / ДО 2019 (09.03.04): электронный курс

Bibliographic Details
Main Author: Соколова В. В. Вероника Валерьевна
Corporate Author: Национальный исследовательский Томский политехнический университет Инженерная школа информационных технологий и робототехники Отделение информационных технологий
Summary:Заглавие с экрана
В курсе «Проектирование Интернет-приложений» описываются основные принципы и паттерны проектирования веб-приложений, современные типы и архитектура веб-приложений, а также инструменты для разработки и тестирования веб-приложений. Цель изучения дисциплины: приобретение студентами знаний и практических навыков проектирования, разработки и тестирования современных веб-приложений. Знания, полученные в курсе, помогут осуществлять проектирование и разработку веб-приложений с помощью UML-диаграмм, языка программирования Python на базе фреймворка Django.
Интерактивный мультимедиа ресурс
AM_Login_TPU
Language:Russian
Published: Томск, TPU Moodle, 2024
Subjects:
Online Access:https://design.lms.tpu.ru/course/view.php?id=4844
Format: MixedMaterials Electronic Book
KOHA link:https://koha.lib.tpu.ru/cgi-bin/koha/opac-detail.pl?biblionumber=671165

MARC

LEADER 00000nlm0a2200000 4500
001 671165
005 20240311112226.0
090 |a 671165 
100 |a 20240305d2024 m||y0rusy50 ca 
101 0 |a rus 
102 |a RU 
105 |a a j 000yy 
135 |a jrcn ---uucaa 
181 0 |a i   |b  e  
182 0 |a b 
183 0 |a cr  |2 RDAcarrier 
200 1 |a Проектирование Интернет-приложений / ДО 2019 (09.03.04)  |e электронный курс  |f В. В. Соколова  |g Национальный исследовательский Томский политехнический университет, Отделение информационных технологий 
203 |a Текст  |c электронный  |b визуальный 
210 |a Томск  |c TPU Moodle  |d 2024 
283 |a online_resource  |2 RDAcarrier 
300 |a Заглавие с экрана 
330 |a В курсе «Проектирование Интернет-приложений» описываются основные принципы и паттерны проектирования веб-приложений, современные типы и архитектура веб-приложений, а также инструменты для разработки и тестирования веб-приложений. Цель изучения дисциплины: приобретение студентами знаний и практических навыков проектирования, разработки и тестирования современных веб-приложений. Знания, полученные в курсе, помогут осуществлять проектирование и разработку веб-приложений с помощью UML-диаграмм, языка программирования Python на базе фреймворка Django. 
336 |a Интерактивный мультимедиа ресурс 
371 |a AM_Login_TPU 
606 1 |a Интернет-приложения  |9 85383 
610 1 |a электронный ресурс 
610 1 |a труды учёных ТПУ 
610 1 |a электронное обучение 
610 1 |a кампусные онлайн-курсы 
610 1 |a дистанционное образование 
610 1 |a дистанционное обучение 
610 1 |a e-learning 
610 1 |a Moodle 
610 1 |a веб-приложения 
610 1 |a Django 
675 |a 004.728.8(075.8)  |v 4  |z rus 
700 1 |a Соколова  |b В. В.  |c специалист в области информатики и вычислительной техники  |c доцент Томского политехнического университета, кандидат технических наук  |f 1977-  |g Вероника Валерьевна  |9 12846 
712 0 2 |a Национальный исследовательский Томский политехнический университет  |b Инженерная школа информационных технологий и робототехники  |b Отделение информационных технологий  |9 28331 
801 0 |a RU  |b 63413507  |c 20240305  |g RCR 
850 |a 63413507 
856 4 |u https://design.lms.tpu.ru/course/view.php?id=4844  |z https://design.lms.tpu.ru/course/view.php?id=4844 
942 |c CF